| 000 | 00797nam a2200253Ia 4500 | ||
|---|---|---|---|
| 003 | OSt | ||
| 005 | 20220918171333.0 | ||
| 006 | a|||||r|||| 00| 0 | ||
| 007 | ta | ||
| 008 | 220917b |||||||| |||| 00| 0 eng d | ||
| 020 |
_a9781503602588 (pbk) _cUKP 20.99 |
||
| 024 | _a349,242 | ||
| 037 |
_b57451, 07/03/2019, Segment Book Distributors _cTextual |
||
| 040 |
_aARTS _cARTS _beng |
||
| 041 |
_2eng _aeng |
||
| 082 | _aV46, Q7 | ||
| 100 |
_aBayat Asef _935898 |
||
| 245 | 0 |
_aRevolution without revolutionaries _b making sense of the Arab spring |
|
| 260 |
_aStanford _bStanford University Press USA _c2017 |
||
| 300 |
_axiv,294p. _ccm. |
||
| 650 | _aHISTORY | ||
| 942 |
_hV46, Q7 _cTEXL _2CC |
||
| 999 |
_c139104 _d139104 |
||